War stories and poems / (Record no. 186045)
[ view plain ]
| 000 -LEADER | |
|---|---|
| fixed length control field | 00941 a2200265 4500 |
| 003 - CONTROL NUMBER IDENTIFIER | |
| control field | Nust |
| 005 - DATE AND TIME OF LATEST TRANSACTION | |
| control field | 20170207153429.0 |
| 010 ## - LIBRARY OF CONGRESS CONTROL NUMBER | |
| LC control number | 90006847 |
| 020 ## - INTERNATIONAL STANDARD BOOK NUMBER | |
| International Standard Book Number | 0192826565 : |
| 040 ## - CATALOGING SOURCE | |
| Transcribing agency | Nust |
| 082 00 - DEWEY DECIMAL CLASSIFICATION NUMBER | |
| Classification number | 828.809 |
| 100 1# - MAIN ENTRY--PERSONAL NAME | |
| Personal name | Kipling, Rudyard, |
| 245 10 - TITLE STATEMENT | |
| Title | War stories and poems / |
| Statement of responsibility, etc. | Rudyard Kipling ; edited with an introduction by Andrew Rutherford. |
| 260 ## - PUBLICATION, DISTRIBUTION, ETC. | |
| Place of publication, distribution, etc. | Oxford ; |
| -- | New York : |
| Name of publisher, distributor, etc. | Oxford University Press, |
| Date of publication, distribution, etc. | 1990. |
| 300 ## - PHYSICAL DESCRIPTION | |
| Extent | xxxix, 364 p. ; |
| Dimensions | 18 cm. |
| 440 #4 - SERIES STATEMENT/ADDED ENTRY--TITLE | |
| Title | The World's classics |
| 505 ## - FORMATTED CONTENTS NOTE | |
| Formatted contents note | PART-1: The Imperial Frontiers (Page-5) PART-2: The Boer War (Page-125) PART-3: The Great War (Page-225). |
| 538 ## - SYSTEM DETAILS NOTE | |
| System details note | Almirah No.59 Shelf No.1 |
| 650 #0 - SUBJECT ADDED ENTRY--TOPICAL TERM | |
| Topical term or geographic name entry element | South African War, 1899-1902 |
| General subdivision | Literary collections. |
| 650 #0 - SUBJECT ADDED ENTRY--TOPICAL TERM | |
| Topical term or geographic name entry element | War poetry, English. |
| 650 #0 - SUBJECT ADDED ENTRY--TOPICAL TERM | |
| Topical term or geographic name entry element | War stories, English. |
| 650 #0 - SUBJECT ADDED ENTRY--TOPICAL TERM | |
| Topical term or geographic name entry element | War |
| General subdivision | Literary collections. |
| 650 #0 - SUBJECT ADDED ENTRY--TOPICAL TERM | |
| Topical term or geographic name entry element | World War, 1914-1918 |
| General subdivision | Literary collections. |
| 700 1# - ADDED ENTRY--PERSONAL NAME | |
| Personal name | Rutherford, Andrew, |
| Dates associated with a name | 1929- |
| 942 ## - ADDED ENTRY ELEMENTS (KOHA) | |
| Source of classification or shelving scheme | |
| Koha item type | Book |
| Withdrawn status | Lost status | Source of classification or shelving scheme | Damaged status | Not for loan | Collection code | Permanent Location | Current Location | Date acquired | Total Checkouts | Full call number | Barcode | Date last seen | Price effective from | Koha item type |
|---|---|---|---|---|---|---|---|---|---|---|---|---|---|---|
| Military College of Signals (MCS) | Military College of Signals (MCS) | 12/12/2016 | 828.809 KIP | MCS21514 | 12/08/2016 | 12/12/2016 | Book |
